000 00353nam a2200157Ia 4500
008 221030s9999 xx 000 0 und d
020 _a8176563099
041 _aEnglish
082 _a105.23
100 _aSybex
245 0 _aInternet Complete
_cby Sybex
260 _bBPB Pub
_aNew Delhi
_c2000
300 _a1005
650 _aBE Computer
942 _cBK
999 _c357
_d357